000 00421nam a22001817a 4500
003 MPLRDC
005 20220104124228.0
008 210129b ||||| |||| 00| 0 eng d
020 _a962-257-616-8
082 _a848.4 WS-5
100 _a王朔著
245 _a顽主
_c
260 _a
_b天地图书公司
_c1993
300 _b
490 _a天地文丛;15
650 _a现代别集
942 _cBK
_o848.4 WS-5
999 _c17660
_d17650